Die Gerichtspsychologie als Wissenschaft

Saved in:  
Bibliographic Details
Main Author: Ratinow, A. R. (Author)
Format: Print Article
Language:German
Published: 1965
In: Sowjetwissenschaft / Gesellschaftswissenschaftliche Beiträge
Year: 1965, Issue: 9, Pages: 923-931
Check availability: HBZ Gateway
Keywords:

MARC

LEADER 00000caa a22000002c 4500
001 1631408755
003 DE-627
005 20220607125402.0
007 tu
008 130313s1965 xx ||||| 00| ||ger c
035 |a (DE-627)1631408755 
035 |a (DE-576)379924587 
035 |a (DE-599)BSZ379924587 
040 |a DE-627  |b ger  |c DE-627  |e rakwb 
041 |a ger 
100 1 |a Ratinow, A. R.  |4 aut 
245 1 4 |a Die Gerichtspsychologie als Wissenschaft  |c A. R. Ratinow 
264 1 |c 1965 
336 |a Text  |b txt  |2 rdacontent 
337 |a ohne Hilfsmittel zu benutzen  |b n  |2 rdamedia 
338 |a Band  |b nc  |2 rdacarrier 
773 0 8 |i In  |t Sowjetwissenschaft / Gesellschaftswissenschaftliche Beiträge  |d Berlin : Verl. Kultur u. Fortschritt, 1950  |g (1965), 9, Seite 923-931  |w (DE-627)129482404  |w (DE-600)204634-9  |w (DE-576)01486567X  |x 0038-6006  |7 nnas 
773 1 8 |g year:1965  |g number:9  |g pages:923-931 
951 |a AR 
ELC |b 1 
LOK |0 000 xxxxxcx a22 zn 4500 
LOK |0 001 3282137230 
LOK |0 003 DE-627 
LOK |0 004 1631408755 
LOK |0 005 20140410092945 
LOK |0 008 130313||||||||||||||||ger||||||| 
LOK |0 040   |a DE-21-110  |c DE-627  |d DE-21-110 
LOK |0 689   |a s  |a Gerichtspsychologie 
LOK |0 689   |a s  |a Begutachtung 
LOK |0 852   |z Kein Bestand am IfK; Nachweis für KrimDok 
LOK |0 852   |a DE-21-110 
LOK |0 852 1  |m v  |9 00 
LOK |0 935   |a k110 
LOK |0 938   |k v 
LOK |0 939   |a 13-03-13  |b l01 
ORI |a SA-MARC-krimdoka001.raw